=LDR 00000nam 2200000 4500 =001 INLIS000000000062839 =005 20230926071835 =035 ##$$a 0010-0923000096 =007 ta =008 230926################g##########0#ind## =110 ##$$a Sekretariat Jenderal MPR RI =245 ##$$a Materi sosialisasi empat pilar MPR RI =250 ##$$a Cetakan ketigabelas, Juni 2022 =300 ##$$a xii, 216 halaman ; $c 20 cm =020 ##$$a 978-602-9053-26-5 =041 ##$$a ind =082 ##$$a 320.540 =084 ##$$a 320.540 MAT m =264 ##$$a Jakarta :$b Sekretariat Jenderal MPR RI,$c 2022 =336 ##$$a teks$2 rdacontent =337 ##$$a tanpa perantara$2 rdamedia =338 ##$$a volume$2 rdacarrier =504 ##$$a Bibliografi: halaman 207-210 =650 #4$$a Nasionalisme - Indonesia =990 ##$$a 10651065